| 000 | 00717nam a2200217 a 4500 | ||
|---|---|---|---|
| 005 | 20220603063632.0 | ||
| 008 | 060623s2002 mx r 000 0 spa d | ||
| 020 | _a9701881265 (CONACULTA) | ||
| 020 | _a968744472X (Corunda) | ||
| 035 | _aUPN01000145462 | ||
| 049 | _aI | ||
| 050 | 4 |
_aPZ74.1 _bR5.6 |
|
| 100 | 1 |
_aRío, Virginia del, _d1963- |
|
| 245 | 1 | 4 |
_aLas ocho princesas / _ctexto de Virginia del Río ; il. Enrique Puebla Valencia. |
| 260 |
_aMéxico : _bCNCA : _bCorunda, _cc2002. |
||
| 300 |
_a24 p. : _bprincipalmente il. col. |
||
| 440 | 3 |
_aEl sueño del dragón. _pMis segundas lecturas |
|
| 650 | 4 |
_aPRINCESAS - _vLITERATURA INFANTIL _911041 |
|
| 650 | 4 |
_aCuentos infantiles _96744 |
|
| 905 | _aInfantil | ||
| 999 |
_c117608 _d117608 |
||